000 00752cam a22002534a 4500
001 12406243
005 20180313100615.0
008 010511s2002 txua b 001 0 eng
010 _a 2001090946
020 _a0030319323
040 _aDLC
_cDLC
_dDLC
041 _aeng
042 _apcc
043 _an-us---
080 _a658.3 RAN
082 0 0 _a658.3 RAN
_221
100 1 _a54
101 _aMAN
245 1 0 _aHuman resource development /
_cRandy L. DeSimone, Jon M. Werner, David M. Harris.
504 _aIncludes bibliographical references and index.
906 _a7
_bcbc
_corignew
_d3
_eepcn
_f20
_gy-gencatlg
942 _2ddc
_cBK
999 _c44923
_d44923